| 000 | 00872nam a22002777a 4500 | ||
|---|---|---|---|
| 003 | 0 | ||
| 005 | 20160609170527.0 | ||
| 008 | 110225t xxu||||| |||| 00| 0 eng d | ||
| 037 |
_aM16918 _bBIBLIO |
||
| 040 |
_aBUAC _bFr. _cEPAC |
||
| 082 | _a26.APE.HOD | ||
| 100 |
_aGisèle, Yémanlin, HODE _914977 |
||
| 245 | _aEtude de la variabilité culturale et pathologique du champignon Pyricularia grisea à Abomey-Calavi | ||
| 250 | _aEPAC(APE) | ||
| 260 |
_aBUAC _bEPAC _c2007 |
||
| 300 |
_a48 p _bCouv. et ill. en coul. _c30cm |
||
| 500 | _aMém (M ); Bot. ; EPAC / UAC. : 2007 | ||
| 504 | _aRéf. bibliogr. p 41 - p 45 ; annexes : p 46- p 48 | ||
| 630 |
_aPHISIOLOGIE _914978 |
||
| 650 |
_aCHAMPIGNON _914979 |
||
| 650 |
_a:CULTURE _914980 |
||
| 650 |
_a:PATHOLOGIE _914981 |
||
| 700 |
_aSEKE, Yacouba _914982 |
||
| 710 |
_aAGBAKA, Alphonse _914983 |
||
| 942 | _cTHE | ||
| 999 |
_c49128 _d49128 |
||